00381 a2200145 4500003000400000005001700004008004100021020001800062040000900080082001900089100003400108245003700142260004600179300001000225OSt20240823101049.0231019b |||||||| |||| 00| 0 eng d a9782745153180 coclc a892.715bSHA/A1 aShawqī, Aḥmad,d1868-1932 aal-Shawqīyāt /cAhmed shooqi bDar al kotob al ilmiyah, aBeirut:c2015. a744 p